00510nam a2200205Ia 4500008004100000020001800041050001400059100001900073245002800092245004700120260001500167260001600182260000900198300001600207300002700223300001000250440003000260440000600290500000800296170918s9999 xx 000 0 und d a9780439626521 bM168 1997 aMcMullan, Kate 4aThe new kid at school / cKate McMullan ; illustrated by Bill Basso. aNew York : bScholastic, c1997 a109 pages : bcolored illustration ; c19cm. aDragon slayer's academy ; v1 a500